00374nam a2200169Ia 4500008004100000020001800041245001000059245001700069260001500086260001600101260000900117300001600126300002500142300001000167500000800177999001900185170705s9999 xx 000 0 und d a9780545395274 aPie / cSarah Weeks. aNew York : bScholastic, c2011 a183 pages : bcolor illustration ; c19cm. a930 c336521d336521